000 01176cac a2200301 a 4500
003 Co-PeBPM
005 20250423111708.0
008 231129e2010||||xx d||||||||||||| ||spa||
020 _a9789589187999
040 0 _aCo-PeBPM
_bspa
_cCo-PeBPM
_erda
041 _aspa
082 _a410 C257
_222
100 1 _aAgudelo Salazar, Bladimir
_eAutor
245 1 0 _aCaracterización De Los Procesos De Lectura y Escritura De La Población De Sectores De Prioridad Social De Cali
_b: Una Aproximación A Los Imaginarios y Experiencias Lectoras y Escritoras
_c/ Bladimir Agudelo Salazar
260 _aCali, Colombia
_b: Editorial Feriva
_c, 2010
300 _a180 Páginas
_c; 24 Centímetros
500 _aIncluye Índice.
504 _aIncluye Bibliografía.
650 1 4 _2LEMB
_aHábitos De Lectura
650 1 4 _2LEMB
_aInvestigación Sobre La Lectura
650 1 4 _2LEMB
_aLectura y Escritura
650 1 4 _2LEMB
_aInvestigaciones
650 1 4 _2LEMB
_aPromoción De La Lectura
700 _aArteaga Aguilar, Bladimir Agudelo
_eSegundo Autor
700 _aÁvila Quiroga, Ernesto Javier
_eTercer Autor
700 _aBallesteros Uribe, Juan Carlos
_eCuarto Autor
942 _2ddc
_cBK
999 _c6632
_d6632